LIBRARY & INFORMATION CENTRE, KCAET, TAVANUR

ONLINE PUBLIC ACCESS CATALOGUE (OPAC)

Using Java 2 platform / (Record no. 5575)

MARC details
000 -LEADER
fixed length control field 00478cam a2200181ua 4500
020 ## - INTERNATIONAL STANDARD BOOK NUMBER
ISBN 81-203-1558-8
041 ## - LANGUAGE CODE
Language code of text/sound track or separate title eng
082 ## - DEWEY DECIMAL CLASSIFICATION NUMBER
Classification number 005.133
Item number WEB/US
100 ## - MAIN ENTRY--AUTHOR NAME
Personal name Webber, Joseph .
245 ## - TITLE STATEMENT
Title Using Java 2 platform /
250 ## - EDITION STATEMENT
Edition statement 1 /
260 ## - PUBLICATION, DISTRIBUTION, ETC. (IMPRINT)
Place of publication New Delhi :
Name of publisher Prentice Hall of India Pvt Ltd. ,
Year of publication 2000.
300 ## - PHYSICAL DESCRIPTION
Number of Pages 1413 ;
Accompanying material CD ROM.
942 ## - ADDED ENTRY ELEMENTS (KOHA)
Koha item type Books
Holdings
Withdrawn status Lost status Damaged status Home library Current library Date acquired Full call number Accession Number Koha item type
      KAUAET KAUAET 07/04/2012 005.133 20638 Books
free website counter